Statistics for Men's Tennis Rankings (2014 update)

Click here to take the quiz!

General Stats

  • This quiz has been taken 3,327 times
    (2,077 since last reset)
  • The average score is 9 of 10

Answer Stats

InfoAnswer% Correct
1Four-time Australian Open champion and reigning Wimbledon champion, Serbian. His coach is three-time Wimbledon winner Boris Becker.Novak Djokovic
99%
2Record nine-time French Open champion, has won all four Grand Slam titles.Rafael Nadal
99%
3Winner of record 17 Slams, including seven Wimbledon titles, Swiss maestro.Roger Federer
99%
4Australian Open champ, 2008 Olympic doubles gold winner with Federer.Stan Wawrinka
93%
5Spain's number two tennis player, 2013 French Open runner up to Rafael Nadal.David Ferrer
91%
8Japan's first Grand Slam singles finalist at the US Open, smallest player here at 5"10".Kei Nishikori
88%
7First Canadian man to reach a Slam semi, losing to Roger Federer at Wimbledon 2014.Milos Raonic
86%
9Won his maiden Grand Slam at the 2014 US Open, beating Federer in the semis. Coached by Goran Ivanisevic.Marin Cilic
84%
6Czech number one, his only Slam final was being runner up at Wimbledon 2010.Tomas Berdych
82%
10Tipped as the future of tennis, ended Andy Murray's reign as Wimbledon champion in the quarter-finals, before losing to Novak Djokovic. The Bulgarian's girlfriend is Russian Maria Sharapova.Grigor Dimitrov
81%

Score Distribution

Percentile by Number Answered

Percent of People with Each Score

Your Score History

You have not taken this quiz since the last reset